00825cam a22002651a 4500001001300000003000400013005001700017008004100034010001700075035001900092040003300111042001200144050002400156051001700180070002200197072000900219245005500228260004400283300005400327440004900381504002900430650002600459650002700485700004700512gs 66000192 DLC20260227111419.0781109s1966 dcuab b 000 0 eng  ags 66000192  a(OCoLC)4360744 aDLCcTxLoLdDNALdOCoLCdDLC apremarc00aTC801b.U2 no. 1648 aTD224.A7bH30 a407bG29W no.1648 0aP20000aArizona water /cby J.W. Harshbarger ... [et al.]. aWashington, D.C. :bU.S. G.P.O.,c1966. av, 85 p. :bill. (some col.), col. maps ;c24 cm. 0aGeological Survey water-supply paper ;v1648 aBibliography : p. 81-84. 0aGroundwaterzArizona. 0aWater-supplyzArizona.1 aHarshbarger, J. W.q(John William),d1914-